Dakota Fanning - Roles by Picture - Statistics

General Stats
  • This quiz has been taken 12 times
  • The average score is 13 of 55
Answer Stats
Picture Answer % Correct
Lilo Pelekai
73%
Young Wonder Woman
73%
Coraline Jones
64%
Lucy Diamond Dawson
55%
Pre-School Kim Possible
55%
Delia Chadsey
36%
Fern Arable
36%
Laraine 'Ray' Schleine
36%
Lupita Ramos
36%
Mackenzie
36%
Rachel Ferrier
36%
Abby Jennings
27%
Brenda Collins
27%
Cindy
27%
Emily
27%
Jane
27%
Katie
27%
Lewellen
27%
Little Girl in the Park
27%
Sally Walden
27%
Young Ally
27%
Young Melanie
27%
Allie Keys
18%
Anne Hagen
18%
Barklay
18%
Cale Crane
18%
Cassie Holmes
18%
Clairee
18%
Delf
18%
Effie Gray
18%
Emily Callaway
18%
Lacy
18%
Lily
18%
Lily Mitchell Abdal
18%
Lily Owens
18%
Liz
18%
Maria
18%
Merry Levov
18%
Olivia
18%
Penelope Stern
18%
Squeaky Fromme
18%
Susan Elizabeth Ford
18%
Tessa Scott
18%
Viena
18%
Wendy
18%
Annie James
9%
Beverly Aadland
9%
Cherie Currie
9%
Dena
9%
Hannah Jones
9%
Lilly Berger
9%
Miranda Worth
9%
Ronnie Fuller
9%
Sara Howard
9%
Satsuki
0%
No matching quizzes found
Score Distribution
Percent of People with Each Score
Percentile by Number Answered
Your Score History
You have not taken this quiz